[Event "Porto Vecchio m of the Hopes"]
[Site "Porto Vecchio"]
[Date "2007.05.18"]
[Round "2"]
[White "Carlsen, Magnus"]
[Black "Radjabov, Teimour"]
[Result "1-0"]
[WhiteElo "2693"]
[BlackElo "2747"]
[PlyCount "113"]
[EventDate "2007.05.18"]
[EventType "match"]
[EventRounds "5"]
[EventCountry "FRA"]
[SourceTitle "CBM 118 Extra"]
[Source "ChessBase"]
[SourceDate "2007.07.04"]
[SourceVersion "1"]
[SourceVersionDate "2007.07.04"]
[SourceQuality "1"]

1. e4 c5 2. Nf3 Nc6 3. d4 cxd4 4. Nxd4 Nf6 5. Nc3 e5 6. Ndb5 d6 7. Bg5 a6 8. Na3 b5 9. Nd5 Be7 10. Nxe7 Qxe7 11. c4 b4 12. Nc2 O-O 13. f3 h6 14. Bh4 a5 15. Be2 Be6 16. O-O Rfd8 $146 ({RR} 16... Rfb8 17. Bxf6 gxf6 18. b3 Rd8 19. Qd2 Kg7 20. f4 exf4 21. Rxf4 Ne5 22. Raf1 Ng6 23. R4f3 Rac8 24. Nd4 Rc5 25. Rg3 Kh7 26. Nf5 Qf8 27. Bg4 Bxf5 28. Bxf5 Kg7 29. Rf4 h5 30. Rh4 Qh8 31. Qd1 {Boros,D (2403)-Guo,A (2230) Las Vegas USA 2024 1-0 (34)}) ({RR} 16... g5 17. Bf2 a4 18. Qd2 Rab8 19. Rfd1 Rfd8 20. Bf1 Kg7 21. b3 Qb7 22. Rab1 axb3 23. axb3 Ne8 24. Ra1 Nc7 25. Ne1 Na6 26. Nd3 Nc5 27. Qb2 {½-½ (27) Schaefer,M (2373)-Ronge,T (2245) Germany 2022}) 17. Kh1 g5 18. Bf2 Nh5 19. Re1 Nf4 20. Bf1 Qc7 21. Qd2 Kg7 22. Rac1 Qb7 23. Ne3 Ne7 24. b3 Rac8 25. Red1 f6 26. Nd5 Nexd5 27. exd5 Bf7 28. Qe3 Ra8 29. Qb6 Qd7 30. Qc6 Qe7 31. c5 Rac8 32. cxd6 Qxd6 33. Qxd6 Rxc1 34. Qxd8 Rxd1 35. Be1 Nxd5 36. Kg1 Rxe1 37. Kf2 Ra1 38. Qxa5 Nc3 39. Qxb4 Rxa2+ 40. Kg1 Ne2+ 41. Bxe2 Rxe2 42. Qb7 Kg6 43. b4 Rb2 44. b5 h5 45. b6 Rb1+ 46. Kf2 Rb2+ 47. Ke1 Bd5 48. Qxd5 Rxb6 49. Qg8+ Kh6 50. Kf2 Rb7 51. Ke3 Rg7 52. Qe8 g4 53. Ke4 gxf3 54. gxf3 Rg5 55. h4 Rg7 56. Kf5 e4 57. Qh8+ 1-0

[Event "Porto Vecchio m of the Hopes"]
[Site "Porto Vecchio"]
[Date "2007.05.18"]
[Round "3"]
[White "Carlsen, Magnus"]
[Black "Radjabov, Teimour"]
[Result "1/2-1/2"]
[WhiteElo "2693"]
[BlackElo "2747"]
[PlyCount "154"]
[EventDate "2007.05.18"]
[EventType "match"]
[EventRounds "5"]
[EventCountry "FRA"]
[SourceTitle "CBM 118 Extra"]
[Source "ChessBase"]
[SourceDate "2007.07.04"]
[SourceVersion "1"]
[SourceVersionDate "2007.07.04"]
[SourceQuality "1"]

1. e4 e5 2. Nf3 Nc6 3. Bb5 f5 4. d3 fxe4 5. dxe4 Nf6 6. O-O Bc5 7. Qe2 d6 8. Qc4 Qe7 9. Nc3 Bd7 ({RR} 9... a6 10. Ba4 b5 11. Nxb5 axb5 12. Bxb5 Bd7 13. Bxc6 Bxc6 14. b4 Ra4 15. Rb1 Qd7 16. Ng5 Bb5 17. Qc3 Bd4 {0-1 (17) Chor,K (1966)-Erdogmus,Y (2618) chess.com INT 2025}) 10. Bg5 a6 11. Bxc6 bxc6 12. Be3 $146 ({RR} 12. Rad1 Be6 13. Qa4 Bd7 14. Qc4 Be6 15. Qa4 Bd7 16. Qc4 {½-½ (16) Kryakvin,D (2459)-Tay,J (2230) Playchess.com INT 2005}) 12... Bxe3 13. fxe3 Qf7 14. Nd2 O-O 15. Qxf7+ Kxf7 16. Nc4 Ke7 17. Na5 Rab8 18. Rab1 c5 19. a3 Bb5 20. Rf3 Bd7 21. Rff1 Rb6 22. Nc4 Rb7 23. Na5 Rbb8 24. b4 cxb4 25. axb4 Rb6 26. Nd5+ Nxd5 27. exd5 Rxf1+ 28. Kxf1 c6 29. dxc6 Bxc6 30. c4 Be4 31. Rb2 Ke6 32. Ke1 Rb8 33. b5 axb5 34. cxb5 Ra8 35. Nc4 Ra4 36. Nd2 Bb7 37. b6 Kd7 38. Rc2 Bc6 39. Rb2 Bb7 40. Rc2 Ra1+ 41. Kf2 Bc6 42. Rb2 Ra8 43. Nc4 Rb8 44. Rd2 Ke7 45. Nxd6 Bd7 46. Nc4 Be6 47. Nxe5 Rxb6 48. Nf3 Rb8 49. h4 h6 50. Rd4 Rb2+ 51. Nd2 Rb5 52. g4 Rb8 53. Nf3 Rb3 54. g5 hxg5 55. Nxg5 Bf5 56. Rf4 Bg6 57. Nf3 Rb2+ 58. Kg3 Re2 59. Rg4 Kf6 60. Kf4 Rf2 61. Rg5 Bc2 62. e4 Bd1 63. Rf5+ Ke7 64. Kg3 Re2 65. Re5+ Kf6 66. Rd5 Bc2 67. e5+ Ke7 68. Nd4 Re3+ 69. Kf2 Rd3 70. e6 g6 71. Rd7+ Kf6 72. e7 Kf7 73. Rd8 Kxe7 74. Nc6+ Kf6 75. Rxd3 Bxd3 76. Ke3 g5 77. hxg5+ Kxg5 1/2-1/2

[Event "Candidates sf"]
[Site "Elista"]
[Date "2007.05.27"]
[Round "1.1"]
[White "Carlsen, Magnus"]
[Black "Aronian, Levon"]
[Result "0-1"]
[WhiteElo "2693"]
[BlackElo "2759"]
[Annotator "Aronian,Levon"]
[PlyCount "72"]
[EventDate "2007.05.27"]
[EventType "k.o."]
[EventRounds "12"]
[EventCountry "RUS"]
[SourceTitle "CBM 119"]
[Source "ChessBase"]
[SourceDate "2007.08.01"]
[SourceVersion "1"]
[SourceVersionDate "2007.08.01"]
[SourceQuality "1"]

1. e4 {Marin,M} e5 {To give the reader a general picture of my matches (assuming of cours ethat he is interseted), I would say that my opponents surprised me in the opening, by playing lines they had not used before. I should add that I did not go in for such refinements myself.} 2. Nf3 Nc6 3. Bb5 a6 4. Ba4 Nf6 5. O-O Be7 {When I began playing the Marshall, I would usually hold my breat in this position, and only after seeing the move 6.e1 would I quickly play 6...b5 7.b3 0-0, practically thinking that the matter was settled. It would be interesting to know if other devotees of this variation have experienced similar feelings of euphoria.} 6. d3 {Whereas this is the very move I used to be afraid of.} b5 7. Bb3 d6 {Here I thought for a long tim, as I wanted to surprise my opponent with something new.} 8. a4 Rb8 {When playing 7...d6, I had planned to continue 8...d7 now, but then I changed my mind, in view of 9. c3 0-0 10.c2. Probably without good reason, but that is another story. I played 8...b8 because I remembered that some very strong player had played the same way in a similar position.} 9. axb5 axb5 10. Nc3 {The knight is needed on c3, to meet the freeing e6 with d5.} O-O 11. h3 {A useful move. Marin,M: 'Compared to the normal Anti-Marshall systems, White's early defining of the structure in the centre has allowed Black refrain from ...b7, which places the bishop on a relatively unfavourable square. First of all, it hits into the well defended e4-pawn, secondly, it does not contribute to the annihilation of the white Spanish bishop.'} ({It is probably also possible to seek some advantage after} 11. Nd5 Nxd5 12. exd5 Nd4 13. Nxd4 exd4 {, although in view of the symmetriacl nature of the position, I believe Black should be able gradually to equalize.}) 11... Nb4 $5 $146 {I decided on this move after rejecting Marin,M: 'Aronian spent a considerable amount of time on this new move. Before playing the planned ...e6, Black takes the d5-square under firm control.'} (11... Be6 {because of} 12. Nd5 $1 (12. Bxe6 {Marin,M} fxe6 13. d4 $6 exd4 14. Nxd4 Nxd4 15. Qxd4 c5 16. Qd3 d5 $11 {Tarrasch,S-Leonhardt,P/San Sebastian 1912/HCL (1-0, 59)}) 12... Bxd5 (12... Qd7 $6 {Marin,M} 13. c3) (12... Nd4 {Marin,M} 13. Nxd4 exd4 14. Bd2 $5 Nxd5 15. exd5 Bd7 16. Ra5 Ra8 17. Qa1 $14 {a Romanishin. The position is almost symmetrical, but White's position is more active and Black still has to fight for complete equality.}) 13. exd5 Nb4 14. g4 {This is hardly all that terrifying, but I preferred not to go in for forcing variations, since Magnus had been moving fairly quickly.} (14. d4 {Marin,M} e4 15. Ng5 c5 { 16.dc6 d5!} 16. c3 Nbxd5 17. dxc5 dxc5 18. Nxe4 c4 19. Bc2 b4 20. Qf3 Ra8 21. Rxa8 Qxa8 {Romanishin,O (2595)-Nunn,J (2615)/Debrecen 1992/EU-chT/[Bulletin] (1-0, 73)} 22. Nxf6+ Nxf6 23. Qe2 $16 {Romanishin})) (11... Nd4 {Marin,M} 12. Nxd4 exd4 13. Nd5 Nxd5 14. exd5 (14. Bxd5 Be6) 14... Bd7 {Ljubicic,F (2407)-Plenkovic,Z (2302)/Split 2005/CBM 106 ext (1-0, 72)} 15. Bd2 $14) ({RR} 11... Be6 12. Bxe6 fxe6 13. Ne2 Ra8 14. Be3 d5 15. Ng3 d4 16. Bd2 Nd7 17. Nh2 Rxa1 18. Qxa1 Nc5 19. Qa2 Qa8 20. Ra1 Qxa2 21. Rxa2 Kf7 22. Kf1 Ke8 23. Nf3 Kd7 24. Ke2 Na4 25. Kd1 Bd6 26. c3 {Giri,A (2738)-Niemann,H (2736) Endgame.AI INT 2025 1-0 (54)}) 12. Ne2 $146 {This typical Spanish knight manoeuvre is even more natural here, in view of the unwanted guest on b4. Marin,M: 'Obviously, White will not tolerate the knight on b4 for too long. It is also noteworthy that the transfer of the knight to g3 is carried out without the necessity of spending a tempo on e1 at an early stage.'} ({RR} 12. Bg5 c5 13. Bxf6 Bxf6 14. Nd5 Nxd5 15. Bxd5 Bb7 16. Bxb7 Rxb7 17. Re1 Qd7 18. Nh2 Be7 19. Qf3 Ra7 20. Nf1 Rxa1 21. Rxa1 Bg5 22. Ra6 Rd8 23. Qh5 Bc1 24. b3 g6 25. Qh4 Kg7 26. Nh2 h6 {Kairbekova,A (2309)-Popandopulo,K (2039) Terme Catez SLO 2024 1-0 (70)}) ({RR} 12. Qe2 c5 13. Nd1 Be6 14. Bxe6 fxe6 15. Ne3 Nc6 16. Bd2 Ra8 17. Rfb1 Rxa1 18. Rxa1 Qd7 19. Ng4 Nxg4 20. hxg4 Qb7 21. g5 Ra8 22. Qf1 Rxa1 23. Qxa1 Qa7 24. Qb1 Kf7 25. g3 Qd7 26. Kg2 Bd8 {Volokitin,A (2628)-Dubov,D (2691) Samarkand UZB 2025 ½-½ (35)}) ({RR} 12. Bg5 Bd7 13. Qd2 Nh5 14. Ra7 Bxg5 15. Qxg5 Nf6 16. Rfa1 Be6 17. Bxe6 fxe6 18. Qd2 Nc6 19. R7a6 Qd7 20. Ne2 b4 21. Qe3 h6 22. d4 exd4 23. Nexd4 Nxd4 24. Nxd4 Qf7 25. Nc6 Rb5 26. Ra8 Rb6 {Volokitin,A (2722)-Ragger,M (2655) Austria 2012 1-0 (76)}) 12... c5 13. Ng3 ({On} 13. c3 {I was considering} Nxd3 14. Qxd3 c4 15. Bxc4 bxc4 16. Qxc4 Be6 17. Qd3 Qc7 {with well-known compensation for Black, although 13... c6 is in no way worse.}) 13... Be6 14. Bxe6 {Marin,M: 'This exchange improves Black's control in the centre, but it was not easy to deal with the tension in the position anyway.'} (14. Bd2 $5 {Marin,M} Nc6 $1 (14... Bxb3 15. cxb3 Nc6 16. b4 {offers White some initiative, while 15...xd3 is impossible because of 16.a5!.}) 15. Bxe6 (15. c3 c4 16. Bc2 d5 $36) 15... fxe6 $11) 14... fxe6 15. c3 Nc6 {The position reached is very similar to various lines of the Anti-Marshall. I was happy to reach a middlegame in which I was familiar with the typical plans and ideas of both sides.} 16. Re1 {This move very much surprised me, since I had assumed that my opponent had decided to do without it. Marin,M: 'Finally, White plays this generally useful move anyway. The short term purpose of the development of this rook is to inhibit ...d5.'} Qd7 $11 {A normal consolidating move in this type of position. Marin,M: 'Black's novelty has been crowned with success. With his massive pawn centre he has little to fear. '} 17. d4 $6 {An ambitious decision. Magnus probably did not imagine that by giving up the centre, Black could get the better chances. I think he should have preferred some sort of developing move, such as 17.Bd2 Marin,M: 'But this over-optimistic opening of the centre will leave Black with a dangerous queenside majority.'} exd4 18. cxd4 c4 $1 {Since Black has active ideas connected with b4, giving up the centre is not dangerous for him.} 19. Bg5 h6 20. d5 {The attempt to ease the problems by exchanges does not bring the desired result. After the correct d2, White is only a tad worse.} exd5 21. Bxf6 ({After} 21. exd5 Nb4 {Black's initiative is too strong.}) 21... Bxf6 22. Qxd5+ Rf7 {Marin,M: 'White has managed to weaken some of the central light squares in Black's camp, but his knights are not well placed for taking advantage of this relative achievement. Besides, Black's pressure against the enemy queenside is quite strong. Apart from the obvious ...xb2, ...b4-d3 is a strong threat. '} 23. Qd2 ({Unfortunately for White} 23. Nf5 {is refuted by} Nb4 24. Qxd6 Qxd6 25. Nxd6 Rd7 26. e5 Nc2) 23... Ne5 ({Of course not} 23... b4 {on account of} 24. Rec1 c3 25. bxc3 bxc3 26. Rxc3 Bxc3 27. Qxc3 {and White is not worse.}) 24. Nxe5 Bxe5 25. Ne2 {After the game, of corse, it is easy to recommend other moves, but at the time, I also thought that this was the best move in the position.} Rbf8 26. Rf1 {White only requires a couple of moves in order to consolidate, but now Black turns out to have a strong resource available.} Rf3 $3 {It is always nice to be able to make such an impudent move with impunity. Marin,M: 'A very elegant rook sacrifice, taking advantage of Black's perfect coordination. Apart from the brutal threat of continuing the attack with ...xh3, Black enables the transfer of the rook to d3 or b3. '} 27. Ra3 {After this, White is lost.} ({Naturally} 27. gxf3 {is bad because of} Rxf3 {and White is defenceless.}) ({The only way to attempt to cast doubt on Black's idea was by} 27. Qd5+ Kh7 28. Rad1 {, although after the strong} Qc8 {Black still has a very strong position. For example, after} 29. Qxb5 {there follows} Rxh3 30. f4 Rb3 31. Qd5 Bxb2 32. Qxd6 Ba3 {and Black is practically winning.}) 27... Rxa3 28. bxa3 Qc6 29. Nd4 {More stubborn is 29.e3 although it also looks fairly dismal.} Bxd4 {Since I saw that it was very hard for White to defend the pawns on a3 and e4, I spared myself the effort of looking for other moves.} 30. Qxd4 Ra8 31. Ra1 {31.b2 was the last chance to muddy the waters.} c3 32. Qb4 Qc5 33. Qb3+ Kh8 34. Ra2 Ra4 35. Re2 Rxa3 36. Qd1 Ra8 0-1

[Event "Dortmund SuperGM 35th"]
[Site "Dortmund"]
[Date "2007.06.23"]
[Round "1"]
[White "Carlsen, Magnus"]
[Black "Leko, Peter"]
[Result "1/2-1/2"]
[WhiteElo "2693"]
[BlackElo "2738"]
[Annotator "Marin,Mihail"]
[PlyCount "57"]
[EventDate "2007.06.23"]
[EventType "tourn"]
[EventRounds "7"]
[EventCountry "GER"]
[EventCategory "20"]
[SourceTitle "CBM 119"]
[Source "ChessBase"]
[SourceDate "2007.08.01"]
[SourceVersion "1"]
[SourceVersionDate "2007.08.01"]
[SourceQuality "1"]

1. e4 {Rogozenco,Dorian} e5 2. Nf3 Nc6 3. Bb5 a6 4. Ba4 Nf6 5. O-O Be7 6. Re1 b5 7. Bb3 O-O 8. d4 Nxd4 9. Nxd4 ({RR} 9. Bxf7+ Rxf7 10. Nxe5 Rf8 11. Qxd4 c5 12. Qd1 Qc7 13. Ng4 Nxg4 14. Qxg4 d5 15. Qh5 dxe4 16. Qd5+ Kh8 17. Qxa8 Bb7 18. Qa7 Ra8 19. Bf4 Qc6 20. Qxa8+ Bxa8 21. Be3) 9... exd4 10. e5 Ne8 11. Qxd4 {Safe, but ...unambitious. See my notes to Carlsen,M (2693)-Leko,P (2738)/Dortmund 2007/CBM 119 (½-½, 29) from this same issue of CBM.} ({For the more consistent} 11. c3 {see Jakovenko,D (2708)-Karjakin,S (2686)/Foros 2007/CBM 119/[Marin] (½-½, 29)}) 11... Bb7 (11... c5 $2 {does not win a piece as in some other lines of the Ruy Lopez because of} 12. Qe4 $1 $16) 12. c4 (12. Qg4 {was examined in the notes to Svidler,P (2738)-Naiditsch,A (2612)/Dortmund 2005/CBM 108/[Erenburg] (½-½, 21)}) (12. c3 {is too unpretentious and allows Black to obtain easy equality.} d6 13. Bf4 dxe5 14. Qxe5 Bd6 15. Qg5 h6 16. Qg3 Qf6 17. Bxd6 Nxd6 18. Nd2 Rad8 $11 {Navarro,R (2400)-Peng Xiaomin (2480)/Moscow 1994/CBM 044 ext (0-1, 37)}) 12... bxc4 13. Qxc4 d5 14. exd6 Nxd6 15. Qg4 {White's active queen gives him some hopes for a minimal advantage, but this should be not too real, because in fact he is slightly behind in development.} Nb5 {Anticipating the development of the enemy knight to c3.} (15... Bf6 16. Nc3 Nb5 {Black should provoke simplifications before White completes his development.} (16... Rb8 17. Bf4 Bc6 18. Rad1 Rb4 19. Qg3 {offers White the kind of domination he hopes for, although Black is very much in the game still.} Rd4 20. Be5 Rxd1 21. Rxd1 Re8 22. f4 Qe7 23. Nd5 Bxd5 24. Rxd5 $14 {Nijboer,F (2475)-Sokolov,I (2665)/Netherlands 1996/CBM 054 (½-½, 31)}) (16... Re8 17. Bf4 Rb8 18. h3 Bc6 19. Qh5 Qd7 20. Qa5 Bb5 21. Nxb5 axb5 22. Qd2 $14 {After creating a curious triangle with her queen, White managed to obtain a stable advantage in the shape of the pair of bishops, Arakhamia Grant,K (2446)-Hebden,M (2559)/Scarborough 2004/CBM 101 ext (1-0, 50)}) 17. Ne4 $146 {Maybe this is the move on which Carlsen pinned his hopes, but he will not get that chance.} (17. Nxb5 $6 axb5 18. Bf4 c5 19. Rad1 Qc8 {was just equal in Polgar,J (2575)-Nunn,J (2595)/Hastings 1992/CBM 033 (½-½, 33)}) 17... Bxe4 18. Qxe4 Bd4 19. Qf4 c5 20. Be3 Bxe3 21. fxe3 $5 {×d4} Qe7 22. Rac1 Rad8 23. Red1 Rfe8 24. Rd5 Rxd5 25. Bxd5 $14 {with an active position for White, whose bishop is marvellous, Balogh,C (2617)-Jenni,F (2518)/Dresden 2007 (½-½, 56)}) 16. Nc3 Nxc3 $146 {Simple chess.} (16... Bf6 {would transpose above, and in fact this was the move order actually played in some of the games.}) 17. bxc3 Bd6 $11 {in the absence of knights, Black has little to worry about.} 18. Bf4 Qf6 19. Bxd6 cxd6 20. Rad1 Rad8 21. Re3 $146 ({RR} 21. Qb4 Ba8 ({RR} 21... Rd7 22. Re3) 22. Re3 g6 ({RR} 22... Rfe8 23. Qxd6 ({RR} 23. Rxd6 Qg5 24. g3 Rxe3 25. Rxd8+ Qxd8 26. fxe3) 23... Qxd6 24. Rxd6) 23. Qb6 Qg5 24. Rg3 Qb5 25. Rxd6 Rxd6 ({RR} 25... Qxb6 26. Rxb6 Rfe8 27. Re3 Rxe3 28. fxe3 Be4 29. Rb4 ({RR} 29. Rxa6 Rd2 30. Ra4) 29... Bc6 30. Rd4) 26. Qxd6 a5 27. Qf4 Bd5 28. Rg5 f5 ({RR} 28... Qe8 29. Qd2 Bxb3 30. axb3 a4 31. b4 Qe4 32. h3 Ra8) 29. Qe5 Rd8 30. h4 ({RR} 30. Qxf5 Bxb3 31. Qxb5 Rd1+ 32. Qf1) 30... a4 31. Bc2 Qb8 32. Qxf5 Bxa2 33. Bxa4 Bf7 34. h5 Qb6 35. hxg6 hxg6 {Ivanchuk,V (2751)-Aronian,L (2739) Morelia/Linares 2008 CBM 123 [Rogozenco,Dorian] 0-1 (60)}) 21... Rfe8 22. Rde1 Rxe3 23. Rxe3 g6 24. h4 h5 25. Qb4 Rd7 26. Rd3 Re7 27. Qd4 Re1+ 28. Kh2 Qe7 29. Re3 1/2-1/2

[Event "Dortmund SuperGM 35th"]
[Site "Dortmund"]
[Date "2007.06.24"]
[Round "2"]
[White "Naiditsch, Arkadij"]
[Black "Carlsen, Magnus"]
[Result "1/2-1/2"]
[WhiteElo "2654"]
[BlackElo "2693"]
[PlyCount "70"]
[EventDate "2007.06.23"]
[EventType "tourn"]
[EventRounds "7"]
[EventCountry "GER"]
[EventCategory "20"]
[SourceTitle "CBM 119"]
[Source "ChessBase"]
[SourceDate "2007.08.01"]
[SourceVersion "1"]
[SourceVersionDate "2007.08.01"]
[SourceQuality "1"]

1. e4 e5 2. Nf3 Nc6 3. Bb5 a6 4. Bxc6 dxc6 5. O-O Qf6 6. d4 exd4 7. Bg5 Qd6 8. Nxd4 Be7 9. Bxe7 Nxe7 10. Nb3 ({RR} 10. Nc3 Bd7 11. Nb3 O-O-O 12. Qf3 Ng6 13. Qe3 Kb8 14. Nc5 Bc8 15. Rad1 Qf4 16. Qxf4 Nxf4 17. f3 b6 18. Nd3 Nxd3 19. Rxd3 Rxd3 20. cxd3 Rd8 21. Rd1 c5 22. Kf2 Be6 23. Ke3 Kb7 24. g4 b5 {Solak,D (2626)-Eljanov,P (2720) Heraklion 2017 ½-½ (34)}) ({RR} 10. Nc3 Bd7 11. Nb3 Qxd1 12. Raxd1 b6 13. f4 c5 14. Nd2 O-O-O 15. Nc4 Be6 16. Ne3 f6 17. Rxd8+ Rxd8 18. Rd1 Rd4 19. f5 Bf7 20. Kf2 Nc6 21. g4 Ne5 22. h3 c6 23. b3 Kc7 24. Ng2 h5 {Muzychuk,A (2505)-Vaishali,R (2489) Stavanger NOR 2024 ½-½ (70)}) 10... Be6 $146 ({RR} 10... Qxd1 11. Rxd1 b6 12. Nc3 Bd7 13. a4 a5 14. Nd4 O-O-O 15. f3 f6 16. Kf2 h5 17. Nce2 c5 18. Nb5 Be6 19. Ke1 Rde8 20. Kf2 g5 21. Rd2 Kb8 22. Rad1 Ng6 23. b3 g4 24. Ng3 gxf3 25. gxf3 {Suyarov,M (2340)-Pranesh,M (2515) Doha QAT 2023 0-1 (84)}) ({RR} 10... Qxd1 11. Rxd1 b6 12. Nc3 Bd7 13. a4 a5 14. Nd4 O-O-O 15. f3 f6 16. Kf2 h5 17. Nce2 c5 18. Nb5 Be6 19. Ke1 Rde8 20. Kf2 g5 21. Rd2 Kb8 22. Rad1 Ng6 23. b3 g4 24. Ng3 gxf3 25. gxf3 {Suyarov,M (2340)-Pranesh,M (2515) Doha QAT 2023 0-1 (84)}) 11. Nc3 O-O-O 12. Qe2 Kb8 13. Rad1 Qf4 14. g3 Qf6 15. Rxd8+ Rxd8 16. Rd1 Rd6 17. f4 Bc8 18. Rd3 Qe6 19. Qd2 Rxd3 20. Qxd3 b6 21. Nd4 Qd6 22. e5 Qd7 23. b4 h6 24. a3 Nf5 25. Nce2 Ne7 26. Nc1 Bb7 27. Ndb3 Qh3 28. Qd8+ Nc8 29. Qd2 h5 30. Nd3 h4 31. Nf2 Qe6 32. Nd4 Qd5 33. Nb3 Qe6 34. Nd4 Qd5 35. Nb3 Qe6 1/2-1/2